000 01708nam a2200397 c 4500
003 BLK
005 20241104111040.0
008 180411b bul|||||r ||||||| ||bul||
010 _aKNG00199490000
020 _a978-954-660-683-9
_bиздат.: ПАН
040 _aBLK
041 _aBUL
_cBUL
072 7 _2bullib
_aН85
_xДетска художествена литература Н
080 _aАнглийска литература
_b821.111
_x-93-91
_z821.111-93-91
100 1 _aУайлд, Оскар
_d1854 - 1900
_gАнглийски писател, поет, драматург
_qУайлд, Оскар Фингъл О'Флеърти Уилс
_9132080
700 1 _aРусанов, Любомир Кирилов
_9117434
700 1 _aТодорова, Лилия
_eхудож.
_9384168
139 _aУайлд, Оскар
_bУ 13
245 1 0 _aСлавеят и розата
_cОскар Уайлд; адапт. Любомир Кирилов Русанов; худож. Лилия Тодорова.
245 1 0 _aСаможивият великан
_bПриказки
_c
257 _aGBR
260 София
_bПАН
_c2016
300 _a16 с.
_bс цв. ил.
_c29 см
380 _aDX
500 _aБез сведение за ориг. загл. - Съдържа и за авт.
653 _aприказки
653 _aлитература за деца
653 _aдетска литература
659 _aН
852 _aЦб ІІ 21664
856 4 _qpdf
_u
856 4 _qpdf
_u
942 _cKNG
_n0
_02
944 _aCR
_c30.01.2017
_lГеновева Генчева
_k30560
944 _aED
_c28.10.2017
_lф /
_kПенка_Димитрова
999 _c190355
_d190355